000 00433nam a2200169Ia 4500
003 IN-BaIIA
008 211028s9999 xx 000 0 eng d
040 _cIIA Library
080 _a512
_bYOU
100 _aYoung, J. R.
_91493
245 2 _aA key and companion to the rudimentary algebra
_cJ. R. Young
260 _aLondon
_bJohn Weale
_c1859
300 _a178p
650 _aAlgebra
_91494
650 _aMathematics
_982
942 _cBK
999 _c699
_d699